Events by U.S. State #2 - Statistics

General Stats
  • This quiz has been taken 18,575 times
  • The average score is 11 of 16
Answer Stats
Question Answer % Correct
2001: Terrorists crash planes into the World Trade Center New York
99%
1941: The Japanese attack Pearl Harbor Hawaii
95%
1963: John F. Kennedy assassinated Texas
94%
1945: The first test of an atomic bomb New Mexico
89%
1903: The first ever airplane flight North Carolina
85%
1863: The Battle of Gettysburg Pennsylvania
83%
1967: Hippies gather during the so-called "Summer of Love" California
72%
2000: Hanging chad election fiasco Florida
72%
1775: The Revolutionary War begins with the battles of Lexington and Concord Massachusetts
70%
1876: Custer meets his end at the Battle of the Little Bighorn Montana
67%
1585: English settlers establish the doomed Roanoke Colony North Carolina
66%
1904: The Olympics are held in the United States for the first time Missouri
53%
1996: Child beauty queen JonBenét Ramsey is murdered Colorado
50%
1869: The Golden spike completes the Transcontinental Railroad Utah
50%
1881: Shootout at the O.K. Corral Arizona
42%
1943: The Zoot Suit Riots California
36%
No matching quizzes found
Score Distribution
Percent of People with Each Score
Percentile by Number Answered
Your Score History
You have not taken this quiz